| 000 | 00543nam a22001937a 4500 | ||
|---|---|---|---|
| 003 | KOHA_MİRAKIL | ||
| 005 | 20250926122756.0 | ||
| 008 | 250926b tu ||||| |||| 00| 0 tur d | ||
| 020 | _a9789750756061 | ||
| 040 |
_aTR-AnABB _btur _cTR-AnABB |
||
| 041 | _atur | ||
| 082 |
_a833.914 _bHES 2023 |
||
| 100 |
_aHesse, Hermann, _d1877-1962 |
||
| 245 | 1 | 0 |
_aPeter Camenzind / _cHermann Hesse |
| 260 |
_aİstanbul : _bCan Sanat Yayınları, _c2023 |
||
| 300 |
_a195 sayfa ; _c23 cm |
||
| 650 | 0 | 0 | _aAlman edebiyatı, roman |
| 942 |
_2ddc _cBK |
||
| 999 |
_c8914 _d8914 |
||
| 900 | _bGizem YORULMAZ | ||